Full Names - North America - Statistics

General Stats
  • This quiz has been taken 20 times
  • The average score is 10 of 18
Answer Stats
Hint Answer % Correct
...of America United States
92%
Dominican... Republic
77%
...of Cuba Republic
69%
...of El Salvador Republic
69%
...of the Bahamas Commonwealth
62%
...of Costa Rica Republic
62%
...of Guatemala Republic
62%
...of Nicaragua Republic
62%
...of Panama Republic
62%
...of Haiti Republic
54%
...of Honduras Republic
54%
...of Trinidad and Tobago Republic
54%
...of Martinique Territorial Collectivity
46%
...of Dominica Commonwealth
38%
...of Puerto Rico Commonwealth
38%
...of Saint Christopher and Nevis Federation
38%
...of Aruba Country
15%
...of Curaçao Country
8%
No matching quizzes found
Score Distribution
Percent of People with Each Score
Percentile by Number Answered
Your Score History
You have not taken this quiz